000 00301nam a2200121Ia 4500
008 190216s9999||||xx |||||||||||||| ||und||
100 _aWesley E Lingren
245 0 _aInorganic Nomenclature A Programmed Approch
260 _bPrentice Hall
_c1980
300 _a168p
650 _aChemistry
942 _cBK
999 _c2264
_d2264